Memorias de la III reunión del proyecto Quito, 7-11 de julio de 1997
Enregistré dans:
| Collectivité auteur: | |
|---|---|
| Autres auteurs: | |
| Format: | Livre |
| Langue: | espagnol |
| Publié: |
Varsovia
CESLA
1998
|
| Collection: | <El> Espacio en la cultura latinoamericana
4 |
| Sujets: | |
| Tags: |
Pas de tags, Soyez le premier à ajouter un tag!
|
MARC
| LEADER | 00000nam$a2200000$$$4500 | ||
|---|---|---|---|
| 001 | 0035201 | ||
| 005 | 20240104132512.3 | ||
| 020 | |a 83-85620-38-9 | ||
| 041 | 0 | |a spa | |
| 044 | |a PL | ||
| 245 | 1 | 0 | |a Memorias de la III reunión del proyecto |b Quito, 7-11 de julio de 1997 |c Editor: Bogumila Lisocka-Jaegermann |
| 264 | 1 | |a Varsovia |b CESLA |c 1998 | |
| 300 | |a 222 s. | ||
| 490 | 1 | |a <El> Espacio en la cultura latinoamericana |v 4 | |
| 830 | 0 | |a <El> Espacio en la cultura latinoamericana |v 4 | |
| 610 | 2 | 0 | |a národnosti |
| 610 | 2 | 0 | |a kultúra |
| 610 | 2 | 0 | |a regióny |
| 610 | 2 | 0 | |a história |
| 610 | 2 | 0 | |a štýl životný |
| 610 | 2 | 0 | |a zvyklosti kultúrne |
| 610 | 2 | 0 | |a politika |
| 610 | 2 | 0 | |a situácia hospodárska |
| 610 | 2 | 0 | |a literatúra |
| 610 | 2 | 0 | |a úroveň životná |
| 610 | 2 | 0 | |a konflikty |
| 610 | 2 | 0 | |a globalizácia |
| 610 | 2 | 0 | |a integrácia |
| 610 | 2 | 0 | |a adresáre |
| 610 | 2 | 0 | |a Latinská Amerika |
| 700 | 1 | |a Lisocka-Jaegermann, Bogumila | |
| 110 | 2 | |a Universidad de Varsovia. Centro de Estudios Latinoamericanos | |